मेरे प्रिय बालगीत (Record no. 63093)
[ view plain ]
| 000 -LEADER | |
|---|---|
| fixed length control field | 00385nam a22000977a 4500 |
| 100 ## - MAIN ENTRY--AUTHOR NAME | |
| Personal name | अस्थाना,डॉ.रोहिताश्व |
| 245 ## - TITLE STATEMENT | |
| Title | मेरे प्रिय बालगीत |
| 260 ## - PUBLICATION, DISTRIBUTION, ETC. (IMPRINT) | |
| Place of publication | दिल्ली |
| Name of publisher | ज्ञानधारा पब्लिकेशन |
| Year of publication | 2019 |
| 650 ## - SUBJECT ADDED ENTRY--TOPICAL TERM | |
| Topical Term | चिल्ड्रन बुक |
| 942 ## - ADDED ENTRY ELEMENTS (KOHA) | |
| Koha item type | Hindi Books |
| Withdrawn status | Lost status | Damaged status | Not for loan | Home library | Current library | Date acquired | Cost, normal purchase price | Full call number | Accession Number | Price effective from | Koha item type |
|---|---|---|---|---|---|---|---|---|---|---|---|
| MACL | MACL | 02/09/2020 | 595.00 | 741.642 | RRC000088 | 02/09/2020 | Hindi Books |









